01279 2200313 4500001002100000005001500021035002000036007000300056008004100059020002200100082000800122084001700130100003000147245011500177250002000292300004400312650002700356650005300383700003200436505032500468264003400793336002100827337003000848338002300878990001600901990001600917990001600933990001600949INLIS00000000004399320220613121812 a0010-0122000077ta220613 g 0 ind  a978-623-346-216-7 a392 aSR 392 MUL r0 aMulyawan Karimepengarang13aDi rumah panjang :bpergulatan hidup dan cinta orang Dayak Iban /cMulyawan Karim; penyunting, Amalia Paramita aCetakan pertama axxiv, 280 halaman :bilustrasi ;c23 cm 4aAdat Istiadat Setempat 4aOrang Dayak - Kehidupan Sosial dan Adat istiadat0 aAmalia Paramitaepenyunting aPengungkapan berbagai perasaan terdalam manusia. Kumpulan kisah hidup sehari-hari yang mencerminkan pandangan dunia dari sebuah sukubangsa Kalimantan dari perspektif orang dalam. Sesuatu yang menawarkan nilai-nilai kehidupan yang mungkin sangat berbeda dari yang dikenal dan dihayati mereka yang hidup di kota-kota besar aJakarta :bBuku kompas,c2021 2rdacontentateks 2rdamediaatanpa perantara 2rdacarrieravolume a49086.61906 a49347.62167 a49347.62167 a49086.61906